[Event "CZE-chT1W 1718"]
[Site "Czech Republic"]
[Date "2018.04.15"]
[Round "11.4"]
[White "Lahner, Jakub"]
[Black "Fencl, Pavel"]
[Result "1/2-1/2"]
[WhiteElo "2309"]
[BlackElo "2061"]
[PlyCount "129"]
[EventDate "2017.10.29"]
[EventType "team-tourn"]
[EventRounds "11"]
[EventCountry "CZE"]
[SourceTitle "EXT 2019"]
[Source "ChessBase"]
[SourceDate "2018.10.10"]
[SourceVersion "1"]
[SourceVersionDate "2018.10.10"]
[SourceQuality "1"]
[WhiteTeam "Polabiny II"]
[BlackTeam "Lysa nad Labem III"]
[WhiteTeamCountry "CZE"]
[BlackTeamCountry "CZE"]

1. d4 d5 2. Nf3 Nf6 3. c4 e6 4. g3 Be7 5. Bg2 0-0 6. 0-0 Nbd7 7. Qc2 Re8 8. b3 c6 9. Bb2 Ne4 10. Nfd2 f5 11. Nxe4 fxe4 12. f3 exf3 13. exf3 Bf6 14. f4 Nf8 15. c5 b6 16. b4 a5 17. a3 axb4 18. axb4 Rxa1 19. Bxa1 bxc5 20. bxc5 Qc7 21. Nd2 Ba6 22. Re1 Ra8 23. Bc3 Bc8 24. Qb2 Ra4 25. Ra1 Qa7 26. Bf1 Nd7 27. Nb3 Rxa1 28. Qxa1 Qxa1 29. Bxa1 Nb8 30. Bc3 Bd8 31. Ba5 Bxa5 32. Nxa5 Kf7 33. h4 Ke7 34. Bd3 h6 35. Kf2 Kd7 36. Kf3 Na6 37. Kg4 Nb4 38. Bb1 Ke7 39. Kh5 Bd7 40. g4 Kf8 41. g5 hxg5 42. Kxg5 Bc8 43. f5 exf5 44. Bxf5 Ba6 45. Kg6 Bb5 46. Nb7 Nd3 47. Bxd3 Bxd3+ 48. Kg5 Ke7 49. Na5 Kd7 50. Kf4 Bc2 51. Nb7 Ke7 52. Ke5 Bd3 53. Nd6 Bc2 54. Nc8+ Kd7 55. Nb6+ Ke7 56. Nxd5+ cxd5 57. Kxd5 Bb3+ 58. Ke5 Kd7 59. d5 Bd1 60. Kf5 Bb3 61. Ke4 Bd1 62. Kd4 Bb3 63. Ke4 Bd1 64. Kf5 Bb3 65. Ke5 1/2-1/2

[Event "CZE-chT2D 1213"]
[Site "Czech Republic"]
[Date "2013.03.03"]
[Round "10.6"]
[White "Lahner, Jakub"]
[Black "Fiedler, Bedrich"]
[Result "1/2-1/2"]
[WhiteElo "2291"]
[BlackElo "2111"]
[PlyCount "101"]
[EventDate "2012.10.14"]
[EventType "team-tourn"]
[EventRounds "11"]
[EventCountry "CZE"]
[SourceTitle "EXT 2016"]
[Source "ChessBase"]
[SourceDate "2015.10.08"]
[SourceVersion "1"]
[SourceVersionDate "2015.10.08"]
[SourceQuality "1"]
[WhiteTeam "Chrudim"]
[BlackTeam "Vysoke Myto"]
[WhiteTeamCountry "CZE"]
[BlackTeamCountry "CZE"]

1. d4 d5 2. c4 c6 3. Nf3 Nf6 4. e3 g6 5. Nc3 Bg7 6. Be2 0-0 7. 0-0 Bg4 8. cxd5 cxd5 9. Qb3 b6 10. h3 Bc8 11. Bd2 Bb7 12. Rfc1 e6 13. Ne5 Nfd7 14. Nb5 Nxe5 15. dxe5 Bxe5 16. f4 a6 17. fxe5 axb5 18. Bb4 Re8 19. Bxb5 Nd7 20. Qc3 Ba6 21. Bc6 Ra7 22. Bd6 Bb7 23. Bb5 Ba6 24. Bc6 Bb7 25. Bxb7 Rxb7 26. Qc6 Qa8 27. Rc3 Nc5 28. Bxc5 bxc5 29. Rxc5 Rxb2 30. a4 Qxc6 31. Rxc6 Reb8 32. a5 Rb1+ 33. Rxb1 Rxb1+ 34. Kf2 Ra1 35. a6 Ra2+ 36. Ke1 Kg7 37. g4 g5 38. Kd1 Kg6 39. Kc1 h5 40. Kb1 Ra4 41. Kb2 hxg4 42. hxg4 Rxg4 43. Kb3 Rg1 44. Kb2 Rg4 45. Ka3 Rg1 46. Ka2 Rg4 47. Ka3 Rg1 48. Ka2 Rg4 49. Kb3 Rg1 50. Kb2 Rg4 51. Kb3 1/2-1/2

[Event "CZE-chT1W 1213"]
[Site "Czech Republic"]
[Date "2012.12.09"]
[Round "4.5"]
[White "Bednar, Marcel"]
[Black "Lahner, Jakub"]
[Result "1/2-1/2"]
[WhiteElo "2270"]
[BlackElo "2291"]
[PlyCount "85"]
[EventDate "2012.10.28"]
[EventType "team-tourn"]
[EventRounds "11"]
[EventCountry "CZE"]
[SourceTitle "EXT 2014"]
[Source "ChessBase"]
[SourceDate "2013.11.20"]
[SourceVersion "1"]
[SourceVersionDate "2013.11.20"]
[SourceQuality "1"]
[WhiteTeam "Praha Holdia II"]
[BlackTeam "Polabiny"]
[WhiteTeamCountry "CZE"]
[BlackTeamCountry "CZE"]

1. d4 d5 2. c4 e6 3. Nc3 Bb4 4. Nf3 dxc4 5. Bg5 Ne7 6. Qa4+ Nbc6 7. Bxe7 Qxe7 8. Ne5 Bd7 9. Nxd7 Qxd7 10. e3 Qd5 11. a3 Bxc3+ 12. bxc3 b5 13. Qc2 0-0 14. e4 Qd7 15. Be2 e5 16. dxe5 Nxe5 17. Rd1 Qe7 18. 0-0 Rad8 19. a4 c6 20. f4 Nd3 21. Bxd3 cxd3 22. Qb1 Qxe4 23. axb5 cxb5 24. Qxb5 Qe3+ 25. Kh1 Rfe8 26. h3 d2 27. Qa5 Qd3 28. Kh2 Qe2 29. Qxa7 Re3 30. Qb6 Rde8 31. Qd4 Rd3 32. Rf2 Rxd4 33. Rxe2 Rxe2 34. cxd4 f5 35. Kg3 Re3+ 36. Kf2 Rd3 37. Ke2 Rxd4 38. Ke3 Re4+ 39. Kf3 Rd4 40. Ke3 Re4+ 41. Kf3 Rd4 42. Ke3 Re4+ 43. Kf3 1/2-1/2

[Event "CZE-chT2D 1213"]
[Site "Czech Republic"]
[Date "2012.12.02"]
[Round "4.5"]
[White "Holasek, Pavel"]
[Black "Lahner, Jakub"]
[Result "0-1"]
[WhiteElo "2048"]
[BlackElo "2291"]
[PlyCount "56"]
[EventDate "2012.10.14"]
[EventType "team-tourn"]
[EventRounds "11"]
[EventCountry "CZE"]
[SourceTitle "EXT 2016"]
[Source "ChessBase"]
[SourceDate "2015.10.08"]
[SourceVersion "1"]
[SourceVersionDate "2015.10.08"]
[SourceQuality "1"]
[WhiteTeam "Usti nad Orlici"]
[BlackTeam "Chrudim"]
[WhiteTeamCountry "CZE"]
[BlackTeamCountry "CZE"]

1. e4 e6 2. d3 d5 3. Nd2 Nf6 4. Ngf3 b6 5. g3 Bb7 6. e5 Nfd7 7. Bg2 c5 8. 0-0 Nc6 9. Re1 Qc7 10. Qe2 Be7 11. Nf1 h6 12. h4 0-0-0 13. a3 Rdg8 14. c3 g5 15. hxg5 hxg5 16. g4 Kb8 17. b4 f6 18. bxc5 Nxc5 19. Nd4 fxe5 20. Nb5 Qd7 21. d4 Ne4 22. dxe5 Bc5 23. Be3 Bxe3 24. Nxe3 Nxe5 25. Nf1 Qh7 26. f3 Rf8 27. fxe4 dxe4 28. Bxe4 Qh1+ 0-1

[Event "CZE-chT2D 1213"]
[Site "Czech Republic"]
[Date "2012.11.18"]
[Round "3.5"]
[White "Lahner, Jakub"]
[Black "Zboril, Tomas"]
[Result "1-0"]
[WhiteElo "2291"]
[BlackElo "2138"]
[PlyCount "77"]
[EventDate "2012.10.14"]
[EventType "team-tourn"]
[EventRounds "11"]
[EventCountry "CZE"]
[SourceTitle "EXT 2016"]
[Source "ChessBase"]
[SourceDate "2015.10.08"]
[SourceVersion "1"]
[SourceVersionDate "2015.10.08"]
[SourceQuality "1"]
[WhiteTeam "Chrudim"]
[BlackTeam "Olomouc Garde"]
[WhiteTeamCountry "CZE"]
[BlackTeamCountry "CZE"]

1. d4 Nf6 2. c4 c5 3. d5 d6 4. Nc3 g6 5. e4 Bg7 6. h3 0-0 7. Bd3 e6 8. Nf3 exd5 9. cxd5 b5 10. Bxb5 Nxe4 11. Nxe4 Qa5+ 12. Nfd2 Qxb5 13. Nxd6 Qa6 14. N2c4 Nd7 15. 0-0 Nb6 16. Nxb6 Qxb6 17. Nxc8 Raxc8 18. Rb1 Rfd8 19. Bf4 Qb7 20. d6 Bf8 21. Qd2 Bxd6 22. Bxd6 Rc6 23. Rfd1 Qa6 24. Qg5 Rdxd6 25. Rxd6 Rxd6 26. Qxc5 Qxa2 27. Re1 Re6 28. Rd1 Re8 29. b4 Qa4 30. Rd5 a6 31. Kh2 Rb8 32. Qe7 Qa2 33. Qe5 Rc8 34. Qd4 Qb3 35. Rd6 Rb8 36. Rc6 Qa4 37. Qd6 Qb5 38. Rc5 Qb6 39. Rc8+ 1-0

[Event "CZE-chT2D 1213"]
[Site "Czech Republic"]
[Date "2012.11.04"]
[Round "2.5"]
[White "Vrnata, Jiri"]
[Black "Lahner, Jakub"]
[Result "0-1"]
[WhiteElo "2060"]
[BlackElo "2291"]
[PlyCount "80"]
[EventDate "2012.10.14"]
[EventType "team-tourn"]
[EventRounds "11"]
[EventCountry "CZE"]
[SourceTitle "EXT 2016"]
[Source "ChessBase"]
[SourceDate "2015.10.08"]
[SourceVersion "1"]
[SourceVersionDate "2015.10.08"]
[SourceQuality "1"]
[WhiteTeam "Nachod"]
[BlackTeam "Chrudim"]
[WhiteTeamCountry "CZE"]
[BlackTeamCountry "CZE"]

1. Nf3 Nf6 2. g3 e6 3. Bg2 d5 4. c4 dxc4 5. Qa4+ Nbd7 6. Nc3 a6 7. Qxc4 b5 8. Qb3 Bb7 9. 0-0 c5 10. d3 Be7 11. Bf4 0-0 12. Rfd1 Rc8 13. e4 Qb6 14. a4 Bc6 15. axb5 axb5 16. Qc2 Qb7 17. Ra5 Ra8 18. Rxa8 Rxa8 19. Ne5 Nxe5 20. Bxe5 Nd7 21. Bf4 Bf6 22. Bd6 b4 23. Ne2 Ra2 24. d4 Qa6 25. Rc1 Bb5 26. Bf3 Bxe2 27. Bxe2 Qxd6 28. e5 Qxd4 29. exf6 Rxb2 30. Qd1 Rd2 31. Qf1 Nxf6 32. h4 g6 33. Rc4 Qd5 34. Qe1 Rd4 35. Rc1 Qe5 36. Qf1 Ne4 37. Qg2 Rd2 38. Qf3 b3 39. Qe3 b2 40. Re1 Qd4 0-1

[Event "SVK-chT 1213"]
[Site "Slovakia"]
[Date "2012.10.28"]
[Round "2.3"]
[White "Lahner, Jakub"]
[Black "Tibensky, Robert"]
[Result "1/2-1/2"]
[WhiteElo "2291"]
[BlackElo "2396"]
[PlyCount "88"]
[EventDate "2012.10.27"]
[EventType "team-tourn"]
[EventRounds "11"]
[EventCountry "SVK"]
[SourceTitle "EXT 2013"]
[Source "ChessBase"]
[SourceDate "2012.11.22"]
[SourceVersion "1"]
[SourceVersionDate "2012.11.22"]
[SourceQuality "1"]
[WhiteTeam "Modra"]
[BlackTeam "Trencin"]
[WhiteTeamCountry "SVK"]
[BlackTeamCountry "SVK"]

1. d4 g6 2. c4 Bg7 3. Nf3 d6 4. g3 Nf6 5. Bg2 0-0 6. 0-0 c6 7. Nc3 Qa5 8. d5 Qb4 9. Nd2 Bd7 10. a3 Qb6 11. h3 cxd5 12. cxd5 Rc8 13. Nb3 Qa6 14. Nd4 Be8 15. Be3 Nbd7 16. Qd2 Nc5 17. b4 Na4 18. Rfc1 Nxc3 19. Rxc3 Rxc3 20. Qxc3 Bd7 21. Rc1 h5 22. Qb3 Ne8 23. Kh2 Bf6 24. Be4 Bxd4 25. Bxd4 Qxe2 26. Bf3 Ba4 27. Qc3 Qb5 28. Qe3 Qd7 29. Bxh5 Nf6 30. Bf3 Kh7 31. Bxa7 Bb3 32. Bd4 Ba2 33. Rc2 Bb1 34. Rc1 Ba2 35. Re1 Nxd5 36. Qg5 e5 37. Bxd5 Bxd5 38. Be3 Qe6 39. Qh4+ Kg7 40. Bh6+ Kg8 41. Bg5 Qf5 42. g4 Qf3 43. Qg3 f5 44. Be7 Qxg3+ 1/2-1/2

[Event "SVK-chT 1213"]
[Site "Slovakia"]
[Date "2012.10.27"]
[Round "1.4"]
[White "Bombek, Peter"]
[Black "Lahner, Jakub"]
[Result "1/2-1/2"]
[WhiteElo "2264"]
[BlackElo "2291"]
[PlyCount "36"]
[EventDate "2012.10.27"]
[EventType "team-tourn"]
[EventRounds "11"]
[EventCountry "SVK"]
[SourceTitle "EXT 2013"]
[Source "ChessBase"]
[SourceDate "2012.11.22"]
[SourceVersion "1"]
[SourceVersionDate "2012.11.22"]
[SourceQuality "1"]
[WhiteTeam "Dubnica nad Vahom"]
[BlackTeam "Modra"]
[WhiteTeamCountry "SVK"]
[BlackTeamCountry "SVK"]

1. d4 e6 2. Nf3 d5 3. c4 Nf6 4. Nc3 Bb4 5. e3 c5 6. Bd2 Nc6 7. dxc5 Bxc5 8. Be2 0-0 9. 0-0 b6 10. cxd5 exd5 11. Rc1 Bb7 12. Nb5 Ne4 13. Nbd4 Nxd4 14. Nxd4 Qf6 15. Bc3 Rac8 16. Bg4 Nxc3 17. Rxc3 Bxd4 18. Bxc8 Bxc3 1/2-1/2

[Event "SVK-chT 1112"]
[Site "Slovakia"]
[Date "2012.01.15"]
[Round "6.7"]
[White "Vlcek, Stanislav"]
[Black "Lahner, Jakub"]
[Result "0-1"]
[WhiteElo "2330"]
[BlackElo "2282"]
[PlyCount "70"]
[EventDate "2011.10.22"]
[EventType "team-tourn"]
[EventRounds "11"]
[EventCountry "SVK"]
[SourceTitle "EXT 2013"]
[Source "ChessBase"]
[SourceDate "2012.11.22"]
[SourceVersion "1"]
[SourceVersionDate "2012.11.22"]
[SourceQuality "1"]
[WhiteTeam "Bratislava Doprastav"]
[BlackTeam "Modra"]
[WhiteTeamCountry "SVK"]
[BlackTeamCountry "SVK"]

1. Nf3 e6 2. g3 Nf6 3. c4 d5 4. Bg2 dxc4 5. Qa4+ Bd7 6. Qxc4 Bc6 7. Nc3 a6 8. d4 b5 9. Qd3 b4 10. Nb1 Be4 11. Qc4 Bd5 12. Qc2 Be4 13. Qa4+ Qd7 14. Qxd7+ Nbxd7 15. Nbd2 Bd5 16. b3 a5 17. a3 c5 18. 0-0 Be7 19. axb4 axb4 20. Rxa8+ Bxa8 21. Bb2 0-0 22. Rc1 Bd5 23. Ne5 Nxe5 24. dxe5 Nd7 25. Ra1 Rd8 26. Ra7 Bf8 27. e4 Bc6 28. Nc4 Nb8 29. Bf3 Rd3 30. Be2 Rxb3 31. f3 Bb5 32. Ra2 Nc6 33. Na5 Bxe2 34. Nxc6 h6 35. Kf2 Bb5 0-1

[Event "CZE-chT1E 1112"]
[Site "Czech Republic"]
[Date "2011.10.23"]
[Round "2.5"]
[White "Lahner, Jakub"]
[Black "Bazant, Petr Sr"]
[Result "1/2-1/2"]
[WhiteElo "2282"]
[BlackElo "2233"]
[PlyCount "82"]
[EventDate "2011.10.02"]
[EventType "team-tourn"]
[EventRounds "11"]
[EventCountry "CZE"]
[SourceTitle "EXT 2012"]
[Source "ChessBase"]
[SourceDate "2011.11.24"]
[SourceVersion "1"]
[SourceVersionDate "2011.11.24"]
[SourceQuality "1"]
[WhiteTeam "Polabiny II"]
[BlackTeam "Stare Mesto"]
[WhiteTeamCountry "CZE"]
[BlackTeamCountry "CZE"]

1. d4 d5 2. c4 e6 3. Nc3 Nf6 4. cxd5 exd5 5. Bg5 Be7 6. e3 c6 7. Qc2 Be6 8. Bd3 Nbd7 9. h3 g6 10. Nge2 Nh5 11. Bxe7 Qxe7 12. 0-0-0 Nb6 13. Kb1 0-0-0 14. Na4 Nxa4 15. Qxa4 Kb8 16. Rc1 Bf5 17. Bxf5 gxf5 18. Qc2 Qe4 19. g4 Ng7 20. Ng3 Qxc2+ 21. Kxc2 Rd6 22. Nxf5 Nxf5 23. gxf5 Rf6 24. Rcg1 Rxf5 25. Rh2 Kc7 26. h4 Kd7 27. Rg5 Rf6 28. Rhg2 Re8 29. Rg7 h6 30. Kd3 Re7 31. Kd2 Kd6 32. R7g4 a5 33. a4 Rfe6 34. Kc2 c5 35. dxc5+ Kxc5 36. b3 b5 37. axb5 Rb6 38. f4 Rxb5 39. f5 Reb7 40. Rg8 Rxb3 41. Rc8+ Kd6 1/2-1/2

[Event "SVK-chT 0809"]
[Site "Slovakia"]
[Date "2009.02.15"]
[Round "9"]
[White "Lahner, Jakub"]
[Black "Biolek, Richard Jr"]
[Result "1/2-1/2"]
[WhiteElo "2294"]
[BlackElo "2406"]
[PlyCount "83"]
[EventDate "2008.10.25"]
[EventType "team-tourn"]
[EventRounds "11"]
[EventCountry "SVK"]
[SourceTitle "EXT 2019"]
[Source "ChessBase"]
[SourceDate "2018.10.10"]
[SourceVersion "1"]
[SourceVersionDate "2018.10.10"]
[SourceQuality "1"]
[WhiteTeam "Modra"]
[BlackTeam "Hlohovec"]
[WhiteTeamCountry "SVK"]
[BlackTeamCountry "SVK"]

1. d4 Nf6 2. Nf3 e6 3. c4 b6 4. a3 d5 5. Nc3 Be7 6. Bg5 0-0 7. cxd5 exd5 8. e3 Be6 9. Be2 Nbd7 10. 0-0 Ne4 11. Nxe4 dxe4 12. Bxe7 Qxe7 13. Nd2 f5 14. b4 c5 15. bxc5 bxc5 16. Nc4 Bxc4 17. Bxc4+ Kh8 18. dxc5 Nxc5 19. Qe2 Rad8 20. Rad1 h6 21. h3 Na4 22. Rxd8 Rxd8 23. Rd1 Rf8 24. Qd2 Nb6 25. Qa2 Nxc4 26. Qxc4 Qxa3 27. Qd4 Qe7 28. Ra1 Rf7 29. g3 Qd7 30. Qe5 Kh7 31. Kg2 Re7 32. Qc5 Rf7 33. Qe5 Qe7 34. Qd4 Qc7 35. Qd5 Qb7 36. Qe5 Rf6 37. Rc1 Rf7 38. Ra1 Qc7 39. Qd5 Qb7 40. Qc5 Qe7 41. Qd4 Qb7 42. Qe5 1/2-1/2

[Event "CZE-chT1E 0809"]
[Site "Czech Republic"]
[Date "2009.02.01"]
[Round "7.6"]
[White "Olsarova, Tereza"]
[Black "Lahner, Jakub"]
[Result "1/2-1/2"]
[WhiteElo "2108"]
[BlackElo "2294"]
[PlyCount "66"]
[EventDate "2008.11.08"]
[EventType "team-tourn"]
[EventRounds "11"]
[EventCountry "CZE"]
[SourceTitle "EXT 2010"]
[Source "ChessBase"]
[SourceDate "2010.11.25"]
[SourceVersion "1"]
[SourceVersionDate "2010.11.25"]
[SourceQuality "1"]
[WhiteTeam "Orlova Slavia"]
[BlackTeam "Brno Duras"]
[WhiteTeamCountry "CZE"]
[BlackTeamCountry "CZE"]

1. e4 c5 2. Nf3 d6 3. d4 cxd4 4. Nxd4 Nf6 5. Nc3 Nc6 6. Bc4 e6 7. Be3 a6 8. Bb3 Qc7 9. Qe2 Na5 10. 0-0-0 b5 11. g4 Nxb3+ 12. Nxb3 b4 13. Na4 Rb8 14. e5 dxe5 15. Nac5 Be7 16. Nxa6 Bxa6 17. Qxa6 0-0 18. Qe2 Rfc8 19. Rhg1 Nd5 20. g5 Qc6 21. Kb1 Qa4 22. Rg4 Ra8 23. Nc1 Qa5 24. Bd2 Nc3+ 25. bxc3 bxc3 26. Bxc3 Rcb8+ 27. Nb3 Qxa2+ 28. Kc1 Rxb3 29. Qxe5 Rb1+ 30. Kd2 Rxd1+ 31. Kxd1 Qd5+ 32. Qxd5 exd5 33. h4 Bc5 1/2-1/2

[Event "SVK-chT 0809"]
[Site "Slovakia"]
[Date "2009.01.17"]
[Round "5"]
[White "Lahner, Jakub"]
[Black "Pacher, Milan"]
[Result "1/2-1/2"]
[WhiteElo "2294"]
[BlackElo "2357"]
[PlyCount "33"]
[EventDate "2008.10.25"]
[EventType "team-tourn"]
[EventRounds "11"]
[EventCountry "SVK"]
[SourceTitle "EXT 2019"]
[Source "ChessBase"]
[SourceDate "2018.10.10"]
[SourceVersion "1"]
[SourceVersionDate "2018.10.10"]
[SourceQuality "1"]
[WhiteTeam "Modra"]
[BlackTeam "Bratislava Slovan"]
[WhiteTeamCountry "SVK"]
[BlackTeamCountry "SVK"]

1. d4 Nf6 2. c4 g6 3. Nc3 d5 4. Nf3 Bg7 5. Bg5 dxc4 6. e4 c5 7. dxc5 Qa5 8. Nd2 Qxc5 9. Be3 Qc7 10. Nxc4 Nc6 11. Be2 0-0 12. 0-0 Rd8 13. Qc2 Ng4 14. Bxg4 Bxg4 15. Nd5 Qd7 16. f3 Be6 17. Rfd1 1/2-1/2

[Event "CZE-chT 0809"]
[Site "Czech Republic"]
[Date "2009.01.10"]
[Round "5.8"]
[White "Nedela, Vlastimil"]
[Black "Lahner, Jakub"]
[Result "1-0"]
[WhiteElo "2336"]
[BlackElo "2294"]
[PlyCount "79"]
[EventDate "2008.11.08"]
[EventType "team-tourn"]
[EventRounds "11"]
[EventCountry "CZE"]
[SourceTitle "EXT 2010"]
[Source "ChessBase"]
[SourceDate "2010.11.25"]
[SourceVersion "1"]
[SourceVersionDate "2010.11.25"]
[SourceQuality "1"]
[WhiteTeam "Ostrava"]
[BlackTeam "Frydek Mistek"]
[WhiteTeamCountry "CZE"]
[BlackTeamCountry "CZE"]

1. c4 e6 2. Nf3 d5 3. g3 dxc4 4. Qa4+ Nd7 5. Bg2 a6 6. Qxc4 Ngf6 7. 0-0 b5 8. Qc2 Bb7 9. a4 c5 10. b3 Be7 11. Bb2 0-0 12. axb5 axb5 13. Rxa8 Qxa8 14. Nc3 Bc6 15. Ra1 Qb7 16. Ne1 Bxg2 17. Nxg2 Nd5 18. Nxd5 exd5 19. Ne3 g6 20. b4 d4 21. Ng2 Bf6 22. bxc5 Rc8 23. Qb3 Nxc5 24. Qb4 Ne6 25. h4 Rc4 26. Qb3 Nc5 27. Qd1 Na4 28. Ba3 Be7 29. Bxe7 Qxe7 30. Nf4 Qc5 31. Nd3 Qc7 32. Qb3 Nc5 33. Qxb5 Nxd3 34. exd3 Rc1+ 35. Rxc1 Qxc1+ 36. Kg2 Qa1 37. Qe8+ Kg7 38. Qe5+ Kg8 39. h5 gxh5 40. Qg5+ 1-0

[Event "CZE-chT1E 0809"]
[Site "Czech Republic"]
[Date "2008.12.14"]
[Round "5.6"]
[White "Skliba, Martin"]
[Black "Lahner, Jakub"]
[Result "1-0"]
[WhiteElo "2318"]
[BlackElo "2294"]
[PlyCount "71"]
[EventDate "2008.11.08"]
[EventType "team-tourn"]
[EventRounds "11"]
[EventCountry "CZE"]
[SourceTitle "EXT 2010"]
[Source "ChessBase"]
[SourceDate "2010.11.25"]
[SourceVersion "1"]
[SourceVersionDate "2010.11.25"]
[SourceQuality "1"]
[WhiteTeam "Brno Lokomotiva"]
[BlackTeam "Brno Duras"]
[WhiteTeamCountry "CZE"]
[BlackTeamCountry "CZE"]

1. d4 d5 2. Nf3 Nf6 3. c4 e6 4. Nc3 dxc4 5. e4 Bb4 6. Bg5 c5 7. Bxc4 cxd4 8. Nxd4 Qa5 9. Bd2 Qc5 10. Bb5+ Bd7 11. Nb3 Qe7 12. Bd3 Nc6 13. 0-0 0-0 14. f4 Rfd8 15. a3 Bc5+ 16. Kh1 Be8 17. Qf3 Ng4 18. Be2 f5 19. h3 Nf6 20. e5 Ne4 21. Nxe4 fxe4 22. Qxe4 Nd4 23. Nxc5 Nxe2 24. Qxe2 Qxc5 25. Bb4 Qd5 26. Rfd1 Qb3 27. Rd6 Bc6 28. Kh2 Bd5 29. Rc1 Rdc8 30. Rc3 Rxc3 31. bxc3 g6 32. Qg4 a5 33. Rd7 Qa2 34. Bd6 Rc8 35. Qg5 Qc2 36. Rd8+ 1-0

[Event "CZE-chT 0809"]
[Site "Czech Republic"]
[Date "2008.11.09"]
[Round "2.7"]
[White "Lahner, Jakub"]
[Black "Trichkov, Vasil"]
[Result "1-0"]
[WhiteElo "2294"]
[BlackElo "2353"]
[PlyCount "67"]
[EventDate "2008.11.08"]
[EventType "team-tourn"]
[EventRounds "11"]
[EventCountry "CZE"]
[SourceTitle "CBM 127 Extra"]
[Source "ChessBase"]
[SourceDate "2009.01.08"]
[SourceVersion "2"]
[SourceVersionDate "2009.01.28"]
[SourceQuality "1"]
[WhiteTeam "Frydek Mistek"]
[BlackTeam "Bohemians"]
[WhiteTeamCountry "CZE"]
[BlackTeamCountry "CZE"]

1. d4 d5 2. c4 c6 3. Nf3 Nf6 4. Nc3 dxc4 5. a4 Bf5 6. Ne5 Nbd7 7. Nxc4 Qc7 8. g3 e5 9. dxe5 Nxe5 10. Bf4 Rd8 11. Qc1 Bd6 12. Nxd6+ Qxd6 13. Bg2 Qe7 14. 0-0 a5 15. h3 0-0 16. g4 Bg6 17. Qe3 Rfe8 18. Bxe5 Qb4 19. Qf4 Qxb2 20. Bxf6 gxf6 21. Ne4 Kg7 22. Ng3 Qe5 23. Qc1 h5 24. gxh5 Bxh5 25. Nxh5+ Qxh5 26. Ra3 Rd4 27. Qb2 Qh4 28. Qxb7 Rxe2 29. Rg3+ Kf8 30. Qxc6 Qf4 31. Qa8+ Re8 32. Qxa5 Rxa4 33. Qc5+ Re7 34. Rg4 1-0

[Event "Olomouc Prima Pack Cup"]
[Site "Olomouc"]
[Date "2008.08.01"]
[Round "3"]
[White "Lahner, Jakub"]
[Black "Ptacnikova, Lenka"]
[Result "1/2-1/2"]
[WhiteElo "2294"]
[BlackElo "2259"]
[PlyCount "31"]
[EventDate "2008.07.30"]
[EventType "tourn"]
[EventRounds "11"]
[EventCountry "CZE"]
[EventCategory "3"]
[SourceTitle "CBM 125 Extra"]
[Source "ChessBase"]
[SourceDate "2008.09.01"]
[SourceVersion "1"]
[SourceVersionDate "2008.09.01"]
[SourceQuality "1"]

1. d4 Nf6 2. c4 e6 3. Nc3 Bb4 4. Qc2 0-0 5. Bg5 h6 6. Bh4 d5 7. cxd5 exd5 8. e3 Nbd7 9. a3 Be7 10. Nf3 Re8 11. Bd3 Nf8 12. h3 c6 13. Bg3 Ne6 14. 0-0 Ng5 15. Ne5 Bd6 16. b4 1/2-1/2

[Event "Olomouc Prima Pack Cup"]
[Site "Olomouc"]
[Date "2008.07.30"]
[Round "1"]
[White "Lahner, Jakub"]
[Black "Jurek, Josef"]
[Result "1/2-1/2"]
[WhiteElo "2294"]
[BlackElo "2368"]
[PlyCount "28"]
[EventDate "2008.07.30"]
[EventType "tourn"]
[EventRounds "11"]
[EventCountry "CZE"]
[EventCategory "3"]
[SourceTitle "CBM 125 Extra"]
[Source "ChessBase"]
[SourceDate "2008.09.01"]
[SourceVersion "1"]
[SourceVersionDate "2008.09.01"]
[SourceQuality "1"]

1. d4 Nf6 2. c4 e6 3. Nc3 Bb4 4. Qc2 0-0 5. a3 Bxc3+ 6. Qxc3 b6 7. Bg5 Bb7 8. f3 h6 9. Bh4 d5 10. e3 Nbd7 11. cxd5 Nxd5 12. Bxd8 Nxc3 13. Bh4 Nd5 14. Bf2 c5 1/2-1/2

[Event "Brno Duras IM-B"]
[Site "Brno"]
[Date "2008.07.06"]
[Round "11"]
[White "Narayanan, Srinath"]
[Black "Lahner, Jakub"]
[Result "1/2-1/2"]
[WhiteElo "2220"]
[BlackElo "2314"]
[PlyCount "28"]
[EventDate "2008.06.27"]
[EventType "tourn"]
[EventRounds "11"]
[EventCountry "CZE"]
[EventCategory "1"]
[SourceTitle "CBM 125 Extra"]
[Source "ChessBase"]
[SourceDate "2008.09.01"]
[SourceVersion "1"]
[SourceVersionDate "2008.09.01"]
[SourceQuality "1"]

1. e4 e5 2. Nf3 Nc6 3. Bc4 Nf6 4. d3 Bc5 5. c3 a6 6. Bb3 Ba7 7. Nbd2 0-0 8. h3 d5 9. exd5 Nxd5 10. Ne4 f6 11. 0-0 Be6 12. d4 exd4 13. cxd4 Bf7 14. Nc5 Bxc5 1/2-1/2

[Event "Brno Duras IM-B"]
[Site "Brno"]
[Date "2008.07.02"]
[Round "7"]
[White "Lahner, Jakub"]
[Black "Skacelik, Petr"]
[Result "1/2-1/2"]
[WhiteElo "2314"]
[BlackElo "2260"]
[PlyCount "40"]
[EventDate "2008.06.27"]
[EventType "tourn"]
[EventRounds "11"]
[EventCountry "CZE"]
[EventCategory "1"]
[SourceTitle "CBM 125 Extra"]
[Source "ChessBase"]
[SourceDate "2008.09.01"]
[SourceVersion "1"]
[SourceVersionDate "2008.09.01"]
[SourceQuality "1"]

1. d4 d5 2. c4 c6 3. Nf3 Nf6 4. e3 e6 5. Nbd2 Nbd7 6. Bd3 Bd6 7. 0-0 0-0 8. e4 dxe4 9. Nxe4 Nxe4 10. Bxe4 h6 11. Bc2 e5 12. Qd3 f5 13. Qb3 Kh8 14. dxe5 Nxe5 15. Bf4 Nxf3+ 16. Qxf3 Bxf4 17. Qxf4 Qf6 18. b3 g5 19. Qe3 f4 20. Qd3 Qg7 1/2-1/2

[Event "Brno Duras IM-B"]
[Site "Brno"]
[Date "2008.06.30"]
[Round "5"]
[White "Lahner, Jakub"]
[Black "Andonov, Bogomil"]
[Result "1/2-1/2"]
[WhiteElo "2314"]
[BlackElo "2334"]
[PlyCount "40"]
[EventDate "2008.06.27"]
[EventType "tourn"]
[EventRounds "11"]
[EventCountry "CZE"]
[EventCategory "1"]
[SourceTitle "CBM 125 Extra"]
[Source "ChessBase"]
[SourceDate "2008.09.01"]
[SourceVersion "1"]
[SourceVersionDate "2008.09.01"]
[SourceQuality "1"]

1. d4 Nf6 2. c4 c5 3. d5 a6 4. Nc3 e5 5. a4 Bd6 6. e4 Bc7 7. g3 Ba5 8. Bg2 d6 9. Bd2 Nbd7 10. Nge2 Nf8 11. 0-0 Ng6 12. Na2 Bxd2 13. Qxd2 a5 14. Nac3 0-0 15. Nd1 b6 16. f3 Ra7 17. Nf2 Ne8 18. Bh3 Re7 19. Nc3 Nh8 20. Kg2 Bxh3+ 1/2-1/2